logo

Bir Sreshtho Munshi Abdur Rouf Library
Jhenaidah Cadet College

অবজেক্ট ওরিয়েন্টেড প্রোগ্রামিং এবং C++ / (Record no. 12066)

MARC details
000 -LEADER
fixed length control field 01139nam a2200289 a 4500
001 - CONTROL NUMBER
JCCL Control Number 12066
003 - CONTROL NUMBER IDENTIFIER
JCCL marc code BD-JhCC
005 - DATE AND TIME OF LATEST TRANSACTION
control field 20210310121225.0
008 - FIXED-LENGTH DATA ELEMENTS--GENERAL INFORMATION
fixed length control field 210310b20002019bg a|||| ||a| 001 0 Mul d
020 ## - INTERNATIONAL STANDARD BOOK NUMBER
International Standard Book Number 9848485302
035 ## - SYSTEM CONTROL NUMBER
system control number (BD-JhCC)12066
040 ## - CATALOGING SOURCE
Original cataloging agency BD-JhCC
Modifying agency BD-JhCC
041 ## - LANGUAGE CODE
Language code of Book mul
082 ## - DEWEY DECIMAL CLASSIFICATION NUMBER
Classification number 005.133
Author mark and Year NIT 2019
100 ## - MAIN ENTRY--PERSONAL NAME
Personal name নিটন, মোঃ কামরুজ্জামান
245 ## - TITLE STATEMENT
Title অবজেক্ট ওরিয়েন্টেড প্রোগ্রামিং এবং C++ /
Statement of responsibility, etc মোঃ কামরুজ্জামান নিটন, সৈয়দ রকিবুল হাসান
260 ## - PUBLICATION, DISTRIBUTION, ETC. (IMPRINT)
Place of publication, distribution, etc ঢাকা :
Name of publisher, distributor, etc জ্ঞানকোষ প্রকাশনী;
Date of publication, distribution, etc ২০১৯.
300 ## - PHYSICAL DESCRIPTION
Pagination 447 p, :
Other physical details ill
Dimensions 24 cm.
650 ## - SUBJECT ADDED ENTRY--TOPICAL TERM
Topical term or geographic name as entry element Object-oriented programming (Computer science)
650 ## - SUBJECT ADDED ENTRY--TOPICAL TERM
Topical term or geographic name as entry element Software engineering
650 ## - SUBJECT ADDED ENTRY--TOPICAL TERM
Topical term or geographic name as entry element Computer programming
650 ## - SUBJECT ADDED ENTRY--TOPICAL TERM
Topical term or geographic name as entry element Software engineering
700 ## - ADDED ENTRY--PERSONAL NAME
Personal name নিটন, মোঃ কামরুজ্জামান
700 ## - ADDED ENTRY--PERSONAL NAME
Personal name হাসান, সৈয়দ রকিবুল
942 ## - ADDED ENTRY ELEMENTS (KOHA)
Source of classification or shelving scheme Dewey Decimal Classification
Koha item type Books
Holdings
Source of classification or shelving scheme Damaged status Not for loan Home library Current library Shelving location Date of accession Cost, normal purchase price Total Checkouts Full call number Barcode Date last seen Date checked out Copy number Koha item type
Dewey Decimal Classification     JCC Rouf Library JCC Rouf Library General Stacks 03/10/2021 300.00 4 005.133 NIT 2019 16275 02/24/2025 02/03/2025 C-1 Books

JCC Library | Contacts | JCC Home

Last Update on 23 September 2017
Copyright @ 2017-2020 JCC Rouf Library
Rouf Library, Jhenidah Cadet College (JCC), Bangladesh